ბათუმის შოთა რუსთაველის სახელმწიფო უნივერსიტეტის ბიბლიოთეკა

High School Geometry Practice / (ბიბ.ჩანაწერი № 61281)

000 -LEADER
fixed length control field 00471nam a22001577a 4500
005 - DATE AND TIME OF LATEST TRANSACTION
control field 20240125114805.0
008 - FIXED-LENGTH DATA ELEMENTS--GENERAL INFORMATION
fixed length control field 240125s2018 enk||||| |||| 00| 0 eng d
020 ## - INTERNATIONAL STANDARD BOOK NUMBER
International Standard Book Number 9781949855029
041 ## - LANGUAGE CODE
Language code of text/sound track or separate title eng
080 ## - UNIVERSAL DECIMAL CLASSIFICATION NUMBER
Universal Decimal Classification number 514.112(076.1) H-65
245 ## - TITLE STATEMENT
Title High School Geometry Practice /
Remainder of title Get Digital Access to. 2 Geometry Practice Test.
264 ## - PRODUCTION, PUBLICATION, DISTRIBUTION, MANUFACTURE, AND COPYRIGHT NOTICE
Place of production, publication, distribution, manufacture Piscataway,
Date of production, publication, distribution, manufacture, or copyright notice 2018.
300 ## - PHYSICAL DESCRIPTION
Extent 142 p. ;
Other physical details 28 cm.
653 ## - INDEX TERM--UNCONTROLLED
keyword გეომეტრია
942 ## - ADDED ENTRY ELEMENTS (KOHA)
Source of classification or shelving scheme
Koha item type წიგნი

არაა ხელმისაწვდომი ეგზემპლარები.